Los Egipcios / Anna Casalis. Ilustraciones: Tony Wolf (Registro nro. 49044)
[ vista simple ]
| 000 -LÍDER | |
|---|---|
| Campo fijo de descripción fija | 006890000a22002410004500 |
| 001 - NÚMERO DE CONTROL | |
| Campo de control | 1891 |
| 003 - IDENTIFICADOR DEL NÚMERO DE CONTROL | |
| Campo de control | CO-MdFUSB |
| 005 - FECHA Y HORA DE LA ULTIMA TRANSACCIÓN | |
| control field | 20180208153338.0 |
| 008 - ELEMENTOS DE LONGITUD FIJA -- INFORMACIÓN GENERAL | |
| Campo fijo de descripción fija -- Información general | 170926b xxu||||| |||| 00| 0 eng d |
| 020 ## - NÚMERO INTERNACIONAL NORMALIZADO PARA LIBROS | |
| Número Internacional Normalizado del libro | 978-958-30-2458-0 |
| 040 ## - FUENTE DE CATALOGACIÓN | |
| Agencia que realiza la transcripción | CO-MdBIC |
| 082 04 - NÚMERO DE CLASIFICACIÓN DECIMAL DEWEY | |
| Número de clasificación | 868HC W831e |
| 100 1# - ASIENTO PRINCIPAL--NOMBRE PERSONAL | |
| Nombre personal | Casalis, Anna |
| 110 1# - ASIENTO PRINCIPAL--NOMBRE CORPORATIVO | |
| Nombre corporativo o de jurisdicción como elemento de entrada | Editorial Panamericana |
| 245 10 - TÍTULO | |
| Título del Material | Los Egipcios / Anna Casalis. Ilustraciones: Tony Wolf |
| 250 ## - MENCIÓN DE EDICIÓN | |
| Mención de edición | 21 ed. |
| 260 ## - PUBLICACIÓN, DISTRIBUCIÓN, ETC. (PIE DE IMPRENTA) | |
| Lugar de publicación, distribución, etc. | Bogotá: Panamericana Editorial |
| 300 ## - DESCRIPCIÓN FÍSICA | |
| Extensión | 12 pág.; 29 cm |
| 500 ## - NOTA GENERAL | |
| Nota General | Libro didáctico con ventanillas |
| 505 00 - NOTA DE CONTENIDO | |
| Nota de contenido con formato preestablecido | Libro didáctico sobre la historia de Egipto |
| 650 14 - ASIENTO SECUNDARIO DE MATERIA - TERMINO TEMÁTICO | |
| Término temático o nombre geográfico como elemento de entrada | Egipto -Historia - Literatura Juvenil |
| 942 ## - TIPO DE MATERIAL (KOHA) | |
| Tipo de Item KOHA | Z- Libro General BINCO |
| Estado de Material | Estado de Perdido | Forma de Clasificación | Volumen-Parte/Tomo | Estado de Dañado | No para Préstamo | Tomo | Biblioteca de Origen | Biblioteca Permanente | Fecha de Adquisición | Total de Préstamos | Total de Renovaciones | Signatura Topográfica | Código de Barras | Última vez visto | Última vez Préstado | Ejemplar/Existencia | Fecha de Remplazo | Tipo de Material |
|---|---|---|---|---|---|---|---|---|---|---|---|---|---|---|---|---|---|---|
| Dewey Decimal Classification | Biblioteca Infantil Comunitaria BINCO | Biblioteca Infantil Comunitaria BINCO | 23/04/2009 | 6 | 1 | 868HC W831e | B32487 | 14/11/2019 | 18/10/2019 | 1 | 26/01/2016 | Z- Libro General BINCO |
